000 00380nam a22001457a 4500
005 20160215105403.0
008 160215b xxu||||| |||| 00| 0 eng d
040 _cPK-LaUMT
082 _aAMC 956
_bSHA-G
100 _aSharabi
245 _aGovernments and politics of the middle east in the twentieth century
_cSharabi
260 _a[ ]
_b[ ]
_c[ ]
300 _a[ ]
942 _cBK
999 _c82778
_d82778